Statistics for Guess The Album By The Cover #4

Click here to take the quiz!

General Stats

  • This quiz has been taken 54 times
  • The average score is 4 of 7

Answer Stats

Answer% Correct
Igor
82%
Heroes & Villains
56%
Illmatic
54%
Parachutes
54%
Wish You Were Here
54%
Sgt. Pepper's Lonely Hearts Club Band
46%
Songs From The Big Chair
41%

Score Distribution

Percentile by Number Answered

Percent of People with Each Score

Your Score History

You have not taken this quiz